000 01314cam a22002295a 4500
001 L158044
008 120130s2013 xxko f 000 0 eng d
020 _a9781848063525
035 _a(Sirsi) u158044
041 0 _aeng
100 1 _aFerguson, Alan
245 0 0 _aSustainable refurbishment of the BRE Victorian terrace
_bpart 3 Lessons learned
260 _aWatford
_bBRE
_c2013
300 _a16p.
_bill.
_c30cm.
490 0 _aBRE Information Paper
_v(12/11 Part 3)
520 _aLooks at the various processes associated with the refurbishment of the BRE Victorian Terrace. The Victorian Terrace is a demonstration project converting a disused Victorian stable block into a number of energy-efficient spaces, including a terraced house, two flats and a presentation room, using some of the latest processes and materials for refurbishing existing buildings. Starting from the point where the specification was finalised, the design philosophy is set out in Part 1, Part 2 looks at the main construction process in 2010, during which the various products specified were installed and part 3 provides insight into refurbishment techniques and products, and how they perform in practice.
521 _aAdvanced
590 _aKA
651 4 _aUnited Kingdom
_y
690 _aRefurbishment
_96264
942 _n0
999 _c115099
_d115099